=LDR 00000nam 2200000 4500 =001 INLIS000000000031438 =005 20130612133518 =008 ***********************************Ind** =035 ##$$0010-061300000031438 =041 ##$$a Ind =082 ##$$a 514.07 =090 ##$$a 514.07, Sab, p.III =100 ##$$a Sabariah,Ike =245 ##$$a Penuntun Belajar bilogi 3 Berdasarkan Kurikulum SLTP 1994 , untuk SLTP kelas III caturwulan 1,2, dan 3, Ike Sabariah,Tintin Atikah =260 ##$$a 1996 $b Bandung =300 ##$$a v,280 hlm., ilus., 320 cm =650 ##$$a Bilogi-studi dan Pengajaran =850 ##$$a NBPNMAT